00401nam a2200121 a 450000500170000000800410001705000170005810000240007524500280009926000370012799900190016495200960018320140414132029.0110317s19uu xx 00 eng d aTRbL62 2008 aPaterson, Katherine aThe light of the world. aNew York :bScholastic ,c2008. c113586d113586 001040aMUbMUcTRd2011-03-17l0oTR L62 2008pM5178r2014-04-14 00:00:00w2014-04-14yBK